header

Introduction to special education : (Record no. 251330)

MARC details
000 -LEADER
fixed length control field 00968cam a2200277 a 4500
001 - CONTROL NUMBER
control field 13052129
003 - CONTROL NUMBER IDENTIFIER
control field OSt
005 - DATE AND TIME OF LATEST TRANSACTION
control field 20151116125834.0
008 - FIXED-LENGTH DATA ELEMENTS--GENERAL INFORMATION
fixed length control field 030108s2004 maua b 001 0 eng
010 ## - LIBRARY OF CONGRESS CONTROL NUMBER
LC control number 2003040428
020 ## - INTERNATIONAL STANDARD BOOK NUMBER
International Standard Book Number 0205376169
040 ## - CATALOGING SOURCE
Original cataloging agency DLC
Transcribing agency DLC
Modifying agency DLC
043 ## - GEOGRAPHIC AREA CODE
Geographic area code n-us---
050 00 - LIBRARY OF CONGRESS CALL NUMBER
Classification number LC3981
Item number .S56 2004
082 00 - DEWEY DECIMAL CLASSIFICATION NUMBER
Classification number 371.9/0971
Edition number 21
100 1# - MAIN ENTRY--PERSONAL NAME
Personal name Smith, Deborah Deutsch.
245 10 - TITLE STATEMENT
Title Introduction to special education :
Remainder of title teaching in an age of opportunity /
Statement of responsibility, etc Deborah Deutsch Smith.
250 ## - EDITION STATEMENT
Edition statement 5th ed.
260 ## - PUBLICATION, DISTRIBUTION, ETC. (IMPRINT)
Place of publication, distribution, etc Boston :
Name of publisher, distributor, etc Pearson/A and B,
Date of publication, distribution, etc c2004.
300 ## - PHYSICAL DESCRIPTION
Extent xxviii, 564 p. :
Other physical details ill. (chiefly col.) ;
Dimensions 29 cm.
504 ## - BIBLIOGRAPHY, ETC. NOTE
Bibliography, etc Includes bibliographical references (p. 491-536) and indexes.
650 #0 - SUBJECT ADDED ENTRY--TOPICAL TERM
Topical term or geographic name as entry element Special education
Geographic subdivision United States.
906 ## - LOCAL DATA ELEMENT F, LDF (RLIN)
a 7
b cbc
c orignew
d 1
e ocip
f 20
g y-gencatlg
942 ## - ADDED ENTRY ELEMENTS (KOHA)
Source of classification or shelving scheme Library of Congress Classification
Koha item type Long Loan Books
Holdings
Withdrawn status Lost status Source of classification or shelving scheme Damaged status Not for loan Collection code Home library Current library Shelving location Date acquired Total Checkouts Full call number Barcode Date last seen Date checked out Price effective from Koha item type
    Library of Congress Classification     Non-fiction Rongo University Library Rongo University Library General Stacks 16/11/2015 9 LC3981 .S56 2004 20157523 19/12/2025 08/12/2025 16/11/2015 Long Loan Books
    Library of Congress Classification     Non-fiction Rongo University Library Rongo University Library General Stacks 24/02/2017   LC3981 .S56 2004 20154979 24/02/2017   24/02/2017 Long Loan Books
    Library of Congress Classification     Non-fiction Rongo University Library Rongo University Library General Stacks 15/03/2017   LC3981 .S56 2004 201614345 15/03/2017   15/03/2017 Long Loan Books

© 2026 Rongo University
Contact us: librarian | system librarian | Rongo university